| 000 | 00589nam a2200193Ia 4500 | ||
|---|---|---|---|
| 999 |
_c11228 _d11228 |
||
| 003 | OSt | ||
| 005 | 20191231150408.0 | ||
| 008 | 190216s9999||||xx |||||||||||||| ||und|| | ||
| 020 | _a9780198092391 | ||
| 040 | _coclc | ||
| 082 |
_a338.954 _bBHA/R |
||
| 100 |
_a Bhagwati, Jagdish _9564 |
||
| 245 | 0 |
_aReforms And Economic Transformation In India / _cJagdish Bhagwati ; Arvind Panagariya |
|
| 250 | _a1st ed. | ||
| 260 |
_bOxford University Press, _c2013. _aNew York: |
||
| 300 | _a292p | ||
| 650 | _aEconomics | ||
| 942 |
_cBK _2ddc _h338.954 _iBHA/R _k338.954 _mBHA/R |
||